[Event "77. ljubljanska liga 2025"]
[Site "Gostovanja"]
[Date "2025.03.06"]
[Round "5.8"]
[White "Novak, Andrej"]
[Black "Jancigaj, Saso Valentin"]
[Result "0-1"]
[WhiteElo "1824"]
[BlackElo "1786"]
[PlyCount "104"]
[EventDate "2025.01.16"]
[WhiteTeam "SK RUDAR TRBOVLJE"]
[BlackTeam "SK VISNJA GORA - STICNA"]

1. b3 f5 2. Nf3 Nf6 3. Bb2 e6 4. c4 c6 5. d3 d5 6. Nbd2 Bd6 7. Qc2 O-O 8. e3
Nbd7 9. d4 Qe8 10. g3 Qh5 11. Bg2 Ne4 12. Nxe4 fxe4 13. Ng1 Qf5 14. Nh3 Bb4+
15. Bc3 Bd6 16. c5 Bc7 17. O-O-O a5 18. a4 e5 19. Rhg1 Nf6 20. dxe5 Bxe5 21.
Nf4 Ne8 22. Bh3 Qf6 23. Bxe5 Qxe5 24. Bxc8 Rxc8 25. Qb2 Qg5 26. g4 Qf6 27. g5
Qxb2+ 28. Kxb2 Nc7 29. Rc1 Rce8 30. Rc2 d4 31. Rc4 dxe3 32. fxe3 Nd5 33. Re1
Nxf4 34. exf4 Rxf4 35. Re2 Kf7 36. Rd4 Re7 37. Kc3 Kg6 38. Rg2 Kf5 39. Rd8 Ke5
40. g6 h6 41. Rd6 Rf6 42. Rxf6 Kxf6 43. Kd4 e3 44. Re2 Kxg6 45. Kd3 Kf5 46. Re1
g5 47. Ke2 g4 48. Rg1 Kg5 49. Rd1 Kh4 50. Rd6 h5 51. Rd1 Kh3 52. Rh1 Kg2 0-1

[Event "77. ljubljanska liga 2025"]
[Site "Gostovanja"]
[Date "2025.03.06"]
[Round "5.8"]
[White "Ivanjko, Zan"]
[Black "Ovnik, Jaka"]
[Result "1-0"]
[WhiteElo "1755"]
[BlackElo "1571"]
[PlyCount "71"]
[EventDate "2025.01.16"]
[WhiteTeam "SK VISNJA GORA - STICNA"]
[BlackTeam "SK RUDAR TRBOVLJE"]

1. e4 c5 2. a3 e6 3. b4 d5 4. bxc5 dxe4 5. Bb2 Nf6 6. Nc3 Bxc5 7. g4 Bxf2+ 8.
Kxf2 Qb6+ 9. Ke1 Qxb2 10. Rb1 Qxa3 11. Nb5 Qe7 12. g5 Nd5 13. c4 Nf4 14. c5 O-O
15. Nd6 Qxg5 16. Nxe4 Qf5 17. d3 Nc6 18. Ne2 Rd8 19. N2g3 Qd5 20. Rb3 f5 21.
Nd6 Nd4 22. Rc3 Nf3+ 23. Kf2 Ne5 24. d4 Ng4+ 25. Kg1 b6 26. Qd2 bxc5 27. Ngxf5
Rd7 28. Rxc5 Qf3 29. Rc3 Qf2+ 30. Qxf2 Nxf2 31. Kxf2 exf5 32. Rxc8+ Rxc8 33.
Nxc8 Kf8 34. Ke3 Nd5+ 35. Kd2 Ke8 36. Bb5 1-0